000 00425nam a2200181Ia 4500
001 16217
005 20260306170253.0
008 260306t2014||||xx |||||||||||||| ||und||
041 _aESP
082 _a347.5
_bE14
100 _aEchaiz Moreno, Daniel
_eAUT
245 0 _aManual de títulos valores
260 _c2014
300 _a343 páginas :
_c24 cm.
650 _aGEN
654 _aCDE
942 _cLIB
_dJUS
_fJUS
_2ddc
_n
999 _c16217
_d16217